000
00352nam a2200145 i 4500
001
bg
100
1
_a
BALL, W. J.
245
0
_a
Steps to fluency in spoken English /
_c
W.J. Ball. Part 1: Teacher's book.
260
_a
London,
_c
1968.
040
_c
BPK
041
_a
pol
080
_a
802.0
942
_c
KS
008
s pl f |000 0 pol
999
_c
12146
_d
12146